Southville International School and Colleges
Your cart is empty.
  • Cart
  • Lists
    Public lists Eva Luna New books Lux_list list_1
    Your lists Log in to create your own lists
  • Log in to your account
  • Your cookies
  • Search history
Southville International School and Colleges
  • Advanced search
  • Recent comments
  • Most popular
  • Libraries

Log in to your account

Log in with GOOGLE


If you do not have an external account, but do have a local account, you can still log in:

  1. Home
  2. MARC view: I am the messenger /
Normal view MARC view ISBD view

I am the messenger / (Record no. 287826)

[ view plain ]
MARC details
000 -LEADER
fixed length control field 00478nam a2200157Ia 4500
008 - FIXED-LENGTH DATA ELEMENTS--GENERAL INFORMATION
fixed length control field 150610s9999 xx 000 0 und d
020 ## - INTERNATIONAL STANDARD BOOK NUMBER
International Standard Book Number 9780375836671
050 ## - LIBRARY OF CONGRESS CALL NUMBER
Classification number PZ7
Item number .Z89m 2005  
100 ## - MAIN ENTRY--PERSONAL NAME
Personal name Zusak, Markus
245 ## - TITLE STATEMENT
Title I am the messenger /
Statement of responsibility, etc Markus Zusak.
260 ## - PUBLICATION, DISTRIBUTION, ETC. (IMPRINT)
Place of publication, distribution, etc New York :
Name of publisher, distributor, etc  Alfred A. Knopf : Distributed by Random House,
Date of publication, distribution, etc 2005.
300 ## - PHYSICAL DESCRIPTION
Extent 357pages ;
Dimensions 22 cm.
520 ## - SUMMARY, ETC.
Summary, etc Fiction.
650 ## - SUBJECT ADDED ENTRY--TOPICAL TERM
Topical term or geographic name as entry element Heroes
General subdivision Fiction.
650 ## - SUBJECT ADDED ENTRY--TOPICAL TERM
Topical term or geographic name as entry element Taxicab drivers
General subdivision Fiction.
Holdings
Withdrawn status Lost status Damaged status Home library Current library Shelving location Date acquired Total Checkouts Full call number Barcode Date last seen Price effective from Koha item type
      Stonyhurst Southville International School (Batangas) Stonyhurst Southville International School (Batangas) High School Section 06/10/2015   PZ7.Z89m 2005   US-1900 06/10/2015 06/10/2015 Books

I am the messenger /

APA

Zusak M., . (2005). I am the messenger. New York: Alfred A. Knopf : Distributed by Random House.

Chicago

Zusak Markus, . 2005. I am the messenger. New York: Alfred A. Knopf : Distributed by Random House.

Harvard

Zusak M., . (2005). I am the messenger. New York: Alfred A. Knopf : Distributed by Random House.

MLA

Zusak Markus, . I am the messenger. New York: Alfred A. Knopf : Distributed by Random House. 2005.

  • Place hold
  • Print
  • Cite
  • Add to your cart (remove)
  • Save record
    BIBTEX Dublin Core MARCXML MARC (non-Unicode/MARC-8) MARC (Unicode/UTF-8) MARC (Unicode/UTF-8, Standard) MODS (XML) RIS
  • More searches
    Search for this title in:
    Other Libraries (WorldCat) Other Databases (Google Scholar) Online Stores (Bookfinder.com) Open Library (openlibrary.org)

Exporting to Dublin Core...

SOUTHVILLE LIBRARY

Southville International School and Colleges Library

1281 Tropical Ave. Cor. Luxembourg St., BF Homes International, Las Pinas City

Tel. No. 8256374 / 252358 Loc. 117/146

Powered by Koha